000 00198nam a22001097a 4500
041 _aeng
080 _a80
100 _aBrien, Alistair
245 _aSchauplatz.
650 _aGerman
999 _c281896
_d281896
942 _cBK